THE KIDS OF CATTYWAMPUS STREET / (Record no. 204122)

MARC details
000 -LEADER
fixed length control field 01827nam a2200337 i 4500
003 - CONTROL NUMBER IDENTIFIER
control field OSt
005 - DATE AND TIME OF LATEST TRANSACTION
control field 20260507103804.0
008 - FIXED-LENGTH DATA ELEMENTS--GENERAL INFORMATION
fixed length control field 260507t20212021nyuab brb 000 j eng
020 ## - INTERNATIONAL STANDARD BOOK NUMBER
International Standard Book Number 9780593897997
Terms of availability RM 47.95
Qualifying information paperback
040 ## - CATALOGING SOURCE
Original cataloging agency PPAK
Language of cataloging eng
Transcribing agency PPAK
Description conventions rda
082 04 - DEWEY DECIMAL CLASSIFICATION NUMBER
Edition number 23
Classification number 813.6
090 00 - LOCALLY ASSIGNED LC-TYPE CALL NUMBER (OCLC); LOCAL CALL NUMBER (RLIN)
Classification number (OCLC) (R) ; Classification number, CALL (RLIN) (NR) 813.6
Feature heading JAH
Feature heading K
100 1# - MAIN ENTRY--PERSONAL NAME
Personal name Jahn-Clough, Lisa,
Relator term author.
245 10 - TITLE STATEMENT
Title THE KIDS OF CATTYWAMPUS STREET /
Statement of responsibility, etc. LISA JAHN-CLOUGH ; Illustrations by Natalie Andrewson
264 #1 - PRODUCTION, PUBLICATION, DISTRIBUTION, MANUFACTURE, AND COPYRIGHT NOTICE
Place of production, publication, distribution, manufacture New York, NY :
Name of producer, publisher, distributor, manufacturer A Yearling Book,
Date of production, publication, distribution, manufacture, or copyright notice 2021
Date of production, publication, distribution, manufacture, or copyright notice ©2021
300 ## - PHYSICAL DESCRIPTION
Extent 114 pages :
Other physical details illustrations ;
Dimensions 20 cm
336 ## - CONTENT TYPE
Content type term text
Source rdacontent
337 ## - MEDIA TYPE
Media type term unmediated
Source rdamedia
338 ## - CARRIER TYPE
Carrier type term volume
Source rdacarrier
520 ## - SUMMARY, ETC.
Summary, etc. It's a long, twisty road in the middle of Nowheresville, where weird things happen pretty much every day. Here, you can: run around town with Mateo while he chases a silly little monkey. Whoa, watch out -- that monkey likes to throw things! Eat a waffle (or two, or three, or a hundred) with Hans, made by his lovely mommy. Hmmm, that's odd. Hans is looking more and more like a waffle himself... Tremble along with Ursula when she finds herself face to face with -- uh-oh! -- the ghost of the Waddlebee Toy Store. Inside this book, you'll discover eleven funny, scary, exciting, magical just plain wonderful stories about eleven utterly, outrageously unforgettable friends who, in some strange way, may just remind you a little bit of yourself.
521 1# - TARGET AUDIENCE NOTE
Target audience note Ages 7-10
650 10 - SUBJECT ADDED ENTRY--TOPICAL TERM
Topical term or geographic name entry element Children
Form subdivision Conduct of life
General subdivision Juvenile fiction
Topical term or geographic name entry element Friendship
Form subdivision Juvenile fiction
Topical term or geographic name entry element Neighborhoods
Form subdivision Juvenile fiction.
655 #7 - INDEX TERM--GENRE/FORM
Genre/form data or focus term Children's stories.
Genre/form data or focus term Short stories.
Genre/form data or focus term Fantasy fiction.
700 1# - ADDED ENTRY--PERSONAL NAME
Personal name Andrewson, Natalie,
Relator term illustrator.
942 ## - ADDED ENTRY ELEMENTS (KOHA)
Source of classification or shelving scheme Dewey Decimal Classification
Koha item type Book
Holdings
Withdrawn Not for loan Current library Shelving location Date acquired Total Checkouts Full call number Barcode Date last seen Koha item type
    Perpustakaan Alor Setar Pinjaman Kanak-kanak 12/05/2026   K 813.6 JAH A01916360 12/05/2026 Book
    Perpustakaan Awam Sungai Petani Pinjaman Kanak-kanak 12/05/2026   K 813.6 JAH A01916361 12/05/2026 Book
    Perpustakaan Baling Pinjaman Kanak-kanak 12/05/2026   K 813.6 JAH A01916365 12/05/2026 Book
    Perpustakaan Bandar Baharu Pinjaman Kanak-kanak 12/05/2026   K 813.6 JAH A01916366 12/05/2026 Book
    Perpustakaan Jitra Pinjaman Kanak-kanak 12/05/2026   K 813.6 JAH A01916362 12/05/2026 Book
    Perpustakaan Kulim Pinjaman Kanak-kanak 12/05/2026   K 813.6 JAH A01916364 12/05/2026 Book
    Perpustakaan Langkawi Pinjaman Kanak-kanak 12/05/2026   K 813.6 JAH A01916363 12/05/2026 Book